The blue mutiny: (Record no. 18093)

MARC details
000 -LEADER
fixed length control field 00825cam a22002771 4500
001 - CONTROL NUMBER
control field 8453888
003 - CONTROL NUMBER IDENTIFIER
control field BDDh-ASL
005 - DATE AND TIME OF LATEST TRANSACTION
control field 20231015025700.0
008 - FIXED-LENGTH DATA ELEMENTS--GENERAL INFORMATION
fixed length control field 770822s1966 paub b 001 0 eng
010 ## - LIBRARY OF CONGRESS CONTROL NUMBER
LC control number 64024507
015 ## - NATIONAL BIBLIOGRAPHY NUMBER
National bibliography number GB67-5265
035 ## - SYSTEM CONTROL NUMBER
System control number (OCoLC)3208300
040 ## - CATALOGING SOURCE
Original cataloging agency DLC
Transcribing agency TCU
Modifying agency BDDh-ASL
042 ## - AUTHENTICATION CODE
Authentication code premarc
050 00 - LIBRARY OF CONGRESS CALL NUMBER
Classification number HD9019.I3
Item number K5 1966
082 ## - DEWEY DECIMAL CLASSIFICATION NUMBER
Classification number 954.03
Item number KLB
100 1# - MAIN ENTRY--PERSONAL NAME
Personal name Kling, Blair B.
245 14 - TITLE STATEMENT
Title The blue mutiny:
Remainder of title the indigo disturbances in Bengal, 1859-1862/
Statement of responsibility, etc. by Blair B. Kling.
260 ## - PUBLICATION, DISTRIBUTION, ETC.
Place of publication, distribution, etc. Philadelphia:
Name of publisher, distributor, etc. University of Pennsylvania Press,
Date of publication, distribution, etc. [1966].
300 ## - PHYSICAL DESCRIPTION
Extent 235 p.:
Other physical details map;
Dimensions 22 cm.
504 ## - BIBLIOGRAPHY, ETC. NOTE
Bibliography, etc. note Bibliography: p. [225]-233.
650 #0 - SUBJECT ADDED ENTRY--TOPICAL TERM
Topical term or geographic name entry element Indigo.
651 #0 - SUBJECT ADDED ENTRY--GEOGRAPHIC NAME
Geographic name India
General subdivision History
Chronological subdivision 19th century.
906 ## - LOCAL DATA ELEMENT F, LDF (RLIN)
a 7
b cbc
c oclcrpl
d u
e ncip
f 19
g y-gencatlg
942 ## - ADDED ENTRY ELEMENTS (KOHA)
Source of classification or shelving scheme Dewey Decimal Classification
Koha item type Books
Holdings
Withdrawn status Lost status Source of classification or shelving scheme Damaged status Not for loan Collection code Home library Current library Shelving location Date acquired Source of acquisition Total Checkouts Full call number Barcode Date last seen Copy number Price effective from Koha item type Public note
    Dewey Decimal Classification   Not For Loan Non-fiction Asiatic Society Library Asiatic Society Library Harrison Collection 09/19/2020 Donated by Prof. John B. Harrison   954.03 KLB 101251 09/19/2020 C-1 09/19/2020 Books RARE

Powered by Koha